PRACTICAL PHYSICS (Record no. 9314)

MARC details
000 -LEADER
fixed length control field 00472nam a22001697a 4500
003 - CONTROL NUMBER IDENTIFIER
control field SGT
020 ## - INTERNATIONAL STANDARD BOOK NUMBER
International Standard Book Number 9350066351
082 ## - DEWEY DECIMAL CLASSIFICATION NUMBER
Classification number 530,GUP
100 ## - MAIN ENTRY--PERSONAL NAME
Personal name GUPTA,S.L
245 ## - TITLE STATEMENT
Title PRACTICAL PHYSICS
250 ## - EDITION STATEMENT
Edition statement 3RD
260 ## - PUBLICATION, DISTRIBUTION, ETC. (IMPRINT)
Place of publication, distribution, etc NEW DELHI
Name of publisher, distributor, etc PRAGATI PRAKASHAN
Year of Publication 2016
300 ## - PAGE DESCRIPTION
No. of Pages 304
650 ## - SUBJECT ADDED ENTRY--TOPICAL TERM
Topical term or geographic name as entry element PRACTICAL PHYSICS, PHYSICS
653 ## - KEYWORDS--INDEX TERM
Keyword term MECHANICS, OCILLATIONS, PROPERTIES OF MATTER, KINETIC THEORY OF MATTER, THERMODYNAMICS, CIRCUIT FUNDAMENTALS, WAVES
942 ## - ADDED ENTRY ELEMENTS (KOHA)
Source of classification or shelving scheme Dewey Decimal Classification
Koha item type FPS Books
Holdings
Withdrawn status Lost status Source of classification or shelving scheme Damaged status Not for loan Collection code Home library Current library Shelving location Date acquired Vendor Name Cost, normal purchase price Volume Information (Serial or Books or Non-Book Material) SGTU Bill Number Total Checkouts Full call number Accession No. (Barcode) Date last seen Date last borrowed Bill Date Koha item type
    Dewey Decimal Classification     SCIENCE SGT Science & Social Sciences Library SGT Science & Social Sciences Library Text Book 29/06/2016 AHUJA BOOKS 155.00 1 SGTU 6769 7 530,GUP PS1549 17/12/2018 10/12/2018 19/03/2016 FPS Books
    Dewey Decimal Classification     SCIENCE SGT Science & Social Sciences Library SGT Science & Social Sciences Library Text Book 29/06/2016 AHUJA BOOKS 155.00 1 SGTU 6769 5 530,GUP PS1550 18/12/2018 04/12/2018 19/03/2016 FPS Books
    Dewey Decimal Classification     SCIENCE SGT Science & Social Sciences Library SGT Science & Social Sciences Library On Display 29/06/2016 AHUJA BOOKS 140.00 2 SGTU 6769 1 530,GUP PS1551 31/07/2021 29/07/2021 29/06/2016 FPS Books
    Dewey Decimal Classification     SCIENCE SGT Science & Social Sciences Library SGT Science & Social Sciences Library On Display 29/06/2016 AHUJA BOOKS 140.00 2 SGTU 6769 1 530,GUP PS1552 17/12/2018 10/12/2018 29/06/2016 FPS Books
    Dewey Decimal Classification     SCIENCE SGT Science & Social Sciences Library SGT Science & Social Sciences Library On Display 29/06/2016 AHUJA BOOKS 140.00 2 SGTU 6769   530,GUP PS1553 29/06/2016   29/06/2016 FPS Books
    Dewey Decimal Classification     SCIENCE SGT Science & Social Sciences Library SGT Science & Social Sciences Library On Display 29/06/2016 AHUJA BOOKS 115.00 3 SGTU 6769 2 530,GUP PS1554 08/02/2017 08/02/2017 29/06/2016 FPS Books
    Dewey Decimal Classification   Not For Loan SCIENCE SGT Science & Social Sciences Library SGT Science & Social Sciences Library Reference Book 29/06/2016 AHUJA BOOKS 115.00 3 SGTU 6769   530,GUP PS1555 29/06/2016   29/06/2016 FPS Books